| 000 | 00561cam a22001815i 4500 | ||
|---|---|---|---|
| 999 |
_c12363 _d12363 |
||
| 003 | OSt | ||
| 005 | 20240117092157.0 | ||
| 008 | 220820s2021 gw 000 0 eng | ||
| 010 | _a 2022473089 | ||
| 020 |
_a9783868597103 _qEnglish edition _qpaperback |
||
| 082 |
_a307.76 _bDOR |
||
| 240 | 0 | 0 |
_aDie Stadt nach Corona. _lEnglish |
| 245 | 0 | 0 |
_aPost-pandemic urbanism / _cDoris Kleilein / Friederike Meyer (eds.). |
| 300 |
_a192 pages : _billustrations ; _c21 cm |
||
| 776 | 0 | 8 |
_z9783868596717 _iGerman edition |
| 776 | 0 | 8 |
_z9783868599817 _iPDF version |
| 942 | _2ddc | ||